Падшие боги: фантастический роман

Dettagli Bibliografici
Autore principale: Грановский А. Антон
Riassunto:Еще вчера Глеб Орлов был скандальным журналистом и завсегдатаем ночных клубов, а самыми большими опасностями в его жизни были гнев главного редактора и непредсказуемые встречи с зеленым змием. Но командировка в аномальную зону, затерянную в уральской тайге, обернулась путешествием в далекое прошлое. Итак, добро пожаловать в языческую Русь! Здесь налицо полное отсутствие цивилизации (даже мобильник не работает) и натуральный феодализм, да еще кругом шастают оборотни, упыри и прочая нелюдь. Небольшой конфликт с представителями местной власти поставил Глеба перед выбором — остаться без головы или принять участие в походе в Гиблое место, где у Погребального шатра упавшего с небес мертвого бога растет чудесная пробуди-трава. Как вы думаете, что предпочел журналист Орлов?
Lingua:russo
Pubblicazione: Москва, Эксмо, 2009
Serie:Гиблое место
Soggetti:
Natura: MixedMaterials Libro
KOHA link:https://koha.lib.tpu.ru/cgi-bin/koha/opac-detail.pl?biblionumber=189273

MARC

LEADER 00000nam0a2200000 4500
001 189273
005 20231031175206.0
010 |a 9785699377237 
035 |a (RuTPU)RU\TPU\book\205670 
090 |a 189273 
100 |a 20101222d2009 m y0rusy50 ca 
101 0 |a rus 
102 |a RU 
105 |a y z 000ay 
200 1 |a Падшие боги  |e фантастический роман  |f А. Грановский 
210 |a Москва  |c Эксмо  |d 2009 
215 |a 352 с. 
225 1 |a Гиблое место 
330 |a Еще вчера Глеб Орлов был скандальным журналистом и завсегдатаем ночных клубов, а самыми большими опасностями в его жизни были гнев главного редактора и непредсказуемые встречи с зеленым змием. Но командировка в аномальную зону, затерянную в уральской тайге, обернулась путешествием в далекое прошлое. Итак, добро пожаловать в языческую Русь! Здесь налицо полное отсутствие цивилизации (даже мобильник не работает) и натуральный феодализм, да еще кругом шастают оборотни, упыри и прочая нелюдь. Небольшой конфликт с представителями местной власти поставил Глеба перед выбором — остаться без головы или принять участие в походе в Гиблое место, где у Погребального шатра упавшего с небес мертвого бога растет чудесная пробуди-трава. Как вы думаете, что предпочел журналист Орлов? 
610 1 |a русская литература 
610 1 |a романы 
610 1 |a фантастика 
610 1 |a боевики 
675 |a Р2  |v 3 
700 1 |a Грановский  |b А.  |g Антон 
801 1 |a RU  |b 63413507  |c 20101222 
801 2 |a RU  |b 63413507  |c 20101229  |g RCR 
942 |c BK